Indian soil science literature: A select bibliography 1966-1977. (Record no. 36961)

MARC details
000 -LEADER
fixed length control field 00355nam a2200121Ia 4500
082 ## - DEWEY DECIMAL CLASSIFICATION NUMBER
Classification number 631.4:01(540)
Item number VAR
100 ## - MAIN ENTRY--AUTHOR NAME
Personal name VARADE, S B
245 #0 - TITLE STATEMENT
Title Indian soil science literature: A select bibliography 1966-1977.
260 ## - PUBLICATION, DISTRIBUTION, ETC. (IMPRINT)
Place of publication New Delhi
Name of publisher Agricole
Year of publication 1981
650 ## - SUBJECT ADDED ENTRY--TOPICAL TERM
Topical Term Soil science bibliography
942 ## - ADDED ENTRY ELEMENTS (KOHA)
Koha item type Books
Holdings
Withdrawn status Lost status Damaged status Not for loan Home library Current library Date acquired Full call number Accession Number Koha item type
        RRII Library RRII Library 16/12/2021 631.4:01(540) VAR 17353 Books